Statistiques concernant Candidats arrivés 3emes de l'élection présidentielle (depuis 1965)

Cliquez ici pour prendre le quiz!

Statistiques générales

  • Ce quiz a été pris 96 fois
  • Le résultat moyen est 7 sur 10

Statistiques - réponses

AnnéePartiScoreCandidat% Correct
2012Front national17,90%Marine Le Pen
100%
2017Les Républicains20,01%François Fillon
99%
2002Parti socialiste16,18%Lionel Jospin
94%
2007Union pour la démocratie française18,57%François Bayrou
90%
1981Rassemblement pour la République18,00%Jacques Chirac
72%
1995Union pour la démocratie française18,58%Edouard Balladur
71%
1988Union pour la démocratie française16,54%Raymond Barre
57%
1974Union des démocrates pour la République15,11%Jacques Chaban-Delmas
49%
1965Mouvement républicain populaire15,57%Jean Lecanuet
30%
1969Parti communiste français21,27%Jacques Duclos
27%

Distribution des résultats

Percentile par nombre de réponses

% des personnes avec chaque résultat

Votre développement - résultats

Vous n’avez pas pris ce quiz